000 00379nam a2200145Ia 4500
008 210210b1975 xxu||||| |||| 00| 0 eng d
082 _aS891.1 SACS
100 _aSACHCHIDANANDASARASVATISVAMI.
245 _aStotramala-1.
260 _aHolenarasipura
_bAdhyatma prakasha karyalaya
_c1975
300 _a80
650 _astotramala1
690 _aSanskrit Poetry
906 _a036316
999 _c86915
_d86915